ბათუმის შოთა რუსთაველის სახელმწიფო უნივერსიტეტის ბიბლიოთეკა

Система государственного и муниципального управления. (ბიბ.ჩანაწერი № 44548)

000 -LEADER
fixed length control field 00935nam a2200253Ia 4500
001 - CONTROL NUMBER
control field 11351
003 - CONTROL NUMBER IDENTIFIER
control field GE_BSU
008 - FIXED-LENGTH DATA ELEMENTS--GENERAL INFORMATION
fixed length control field 181216s||||||||xx |||||||||||||| ||und||
020 ## - INTERNATIONAL STANDARD BOOK NUMBER
International Standard Book Number 9785991624237
040 ## - CATALOGING SOURCE
Transcribing agency GE_BSU
080 ## - UNIVERSAL DECIMAL CLASSIFICATION NUMBER
Universal Decimal Classification number 351(075.8):33
100 ## - MAIN ENTRY--PERSONAL NAME
Personal name Ю.Н.Шедко; Ю.Б.Миндлин;И.С.Цыпин и др.
245 ## - TITLE STATEMENT
Title Система государственного и муниципального управления.
245 ## - TITLE STATEMENT
Remainder of title Учебник для бакалавров.
245 ## - TITLE STATEMENT
Statement of responsibility, etc. Под.ред:Ю.Н.Шедько.
260 ## - PUBLICATION, DISTRIBUTION, ETC.
Place of publication, distribution, etc. Москва.
260 ## - PUBLICATION, DISTRIBUTION, ETC.
Name of publisher, distributor, etc. Издательство Юрайт.
260 ## - PUBLICATION, DISTRIBUTION, ETC.
Date of publication, distribution, etc. 2013.
300 ## - PHYSICAL DESCRIPTION
Extent 570стр;21см.
520 ## - SUMMARY, ETC.
Summary, etc. Финансовый университет при правительстве рф.
653 ## - INDEX TERM--UNCONTROLLED
Uncontrolled term Система государственного и муниципального управления.
942 ## - ADDED ENTRY ELEMENTS (KOHA)
Koha item type წიგნი
ეგზემპლარები
Withdrawn status Lost status Damaged status Not for loan Date acquired Barcode Date last seen Price effective from Koha item type
        2018-12-17 35396 2018-12-17 2018-12-17 წიგნი